Loading...
| Fine Arts - Classical Music | 2 | 10.00 | 100% | 0% | 0% |
| Fine Arts - Other Fine Arts | 3 | 10.00 | 67% | 33% | 0% |
| Fine Arts - Painting and Sculpture | 1 | 10.00 | 0% | 100% | 0% |
| Geography | 2 | 15.00 | 100% | 0% | 50% |
| History - American History | 4 | 2.50 | 25% | 0% | 0% |
| History - European History | 4 | 2.50 | 25% | 0% | 0% |
| History - World History | 4 | 7.50 | 75% | 0% | 0% |
| Literature - American Literature | 2 | 15.00 | 100% | 50% | 0% |
| Literature - British Literature | 4 | 12.50 | 100% | 25% | 0% |
| Literature - European Literature | 3 | 10.00 | 67% | 33% | 0% |
| Literature - World Literature | 6 | 10.00 | 100% | 0% | 0% |
| Mythology | 3 | 13.33 | 100% | 33% | 0% |
| Other Academic | 2 | 10.00 | 100% | 0% | 0% |
| Philosophy | 1 | 10.00 | 100% | 0% | 0% |
| Pop Culture | 2 | 20.00 | 100% | 50% | 50% |
| Religion | 1 | 10.00 | 100% | 0% | 0% |
| Science - Biology | 1 | 10.00 | 100% | 0% | 0% |
| Science - Other Science | 3 | 10.00 | 67% | 33% | 0% |
| Science - Physics | 2 | 15.00 | 100% | 50% | 0% |
| Social Science | 3 | 10.00 | 67% | 33% | 0% |